Effectif Juventus (2024-2025) - Statistiques

Statistiques générales
  • Ce quiz a été pris 85 fois
  • Le résultat moyen est 19 sur 23
Statistiques - réponses
Par images Réponse % Correct
Bremer
98%
Képhren Thuram
95%
Pierre Kalulu
95%
Dušan Vlahović
94%
Federico Gatti
94%
Michele Di Gregorio
94%
Manuel Locatelli
92%
Randal Kolo Muani
92%
Weston McKennie
91%
Douglas Luiz
89%
Andrea Cambiaso
88%
Arkadiusz Milik
88%
Timothy Weah
85%
Teun Koopmeiners
83%
Francisco Conceição
82%
Lloyd Kelly
77%
Renato Veiga
76%
Mattia Perin
71%
Nico González
70%
Samuel Mbangula
68%
Nicolò Savona
65%
Juan Cabal
56%
Alberto Costa
41%
Aucun quiz correspondant
Distribution des résultats
% des personnes avec chaque résultat
Percentile par nombre de réponses
Votre historique - résultats
Vous n’avez pas pris ce quiz